[Event "Tan Chin Nam"]
[Site "Beijing"]
[Date "1998.06.10"]
[Round "3"]
[White "Kudrin, Sergey"]
[Black "Onischuk, Alexander"]
[Result "0-1"]
[WhiteElo "2565"]
[BlackElo "2610"]

1.e4 e5 2.Nf3 Nc6 3.Bc4 Nf6 4.d3 Bc5 5.c3 d6 6.O-O a6 7.Bb3 Qe7 8.Re1 Ba7
9.a4 Be6 10.Nbd2 O-O 11.Nc4 h6 12.h3 Rad8 13.Be3 Bxe3 14.Nxe3 Qd7 15.a5 Ne7
16.Bc2 c5 17.d4 Qc7 18.Qd2 exd4 19.cxd4 d5 20.exd5 Nexd5 21.dxc5 Qxc5 22.Qd4 Qb4
23.Nxd5 Nxd5 24.Qe4 Qxe4 25.Bxe4 Nb4 26.Red1 Bd5 27.Bxd5 Rxd5 28.Rxd5 Nxd5
29.Rd1 Rd8 30.Ne5 Kf8 31.Rd3 f6 32.Nc4 Ke7 33.Rb3 Rd7 34.Nb6 Nxb6 35.Rxb6 Kd8
36.b4 Kc7 37.b5 Rd6 38.bxa6 bxa6 39.Rb1 Rd5 40.Ra1 Kc6 41.Kh2 Kb5 42.Rb1+ Kxa5
43.Rb7 g5 44.Rh7 Rf5 45.Rxh6 Rxf2 46.Kg1 Rf5 47.g4 Rf4 48.Kg2 Kb4 49.Kg3 a5
50.h4 a4 51.hxg5 fxg5 52.Rb6+ Kc3 53.Rb5 a3 54.Rxg5 Ra4 55.Rc5+ Kb3 56.Rb5+ Rb4
57.Rf5 a2 58.Rf1 Ra4 59.g5 Kb2 60.Rf2+ Kc3  0-1

[Event "Tan Chin Nam"]
[Site "Beijing"]
[Date "1998.06.11"]
[Round "4"]
[White "Onischuk, Alexander"]
[Black "Liang Chong"]
[Result "1-0"]
[WhiteElo "2610"]
[BlackElo "2405"]

1.e4 c6 2.c4 d5 3.exd5 cxd5 4.cxd5 Nf6 5.Nc3 Nxd5 6.Nf3 e6 7.Bc4 Be7 8.O-O O-O
9.d4 Nxc3 10.bxc3 Qc7 11.Bd3 Qxc3 12.Bg5 Nc6 13.Rc1 Qa3 14.Re1 g6 15.Bb5 Bxg5
16.Nxg5 Qa5 17.Qd3 a6 18.Bxc6 Qxg5 19.Bf3 Rb8 20.Rc7 Qa5 21.Rec1 Qxa2 22.Qe3 Qb2
23.h4 Qb5 24.R1c5 Qb1+ 25.Kh2 e5 26.Qxe5 Qf5 27.Qd6 Qe6 28.Qf4 b6 29.Bd5 bxc5
30.Bxe6 Bxe6 31.dxc5 Rbc8 32.h5 Rxc7 33.Qxc7 Rc8 34.Qe5 gxh5 35.f4 Bc4 36.f5 Bb5
37.f6 Bc4 38.Qg3+ Kf8 39.c6  1-0

[Event "Tan Chin Nam"]
[Site "Beijing"]
[Date "1998.06.13"]
[Round "6"]
[White "Onischuk, Alexander"]
[Black "Lin Weiguo"]
[Result "1/2-1/2"]
[WhiteElo "2610"]
[BlackElo "2460"]

1.e4 e5 2.Nf3 Nc6 3.Bb5 a6 4.Ba4 Nf6 5.O-O b5 6.Bb3 Bb7 7.c3 Nxe4 8.d4 Na5
9.Bc2 exd4 10.Nxd4 c5 11.Nf5 Qf6 12.Nd2 Qxf5 13.Nxe4 Qd5 14.Bg5 Qxd1 15.Raxd1 d5
16.Rfe1 Kd7 17.Be3 Nc4 18.Nxc5+ Bxc5 19.Bxc5 Nxb2 20.Rd2 Rhe8 21.Rde2 g6
22.Re7+ Rxe7 23.Rxe7+ Kc6 24.Bd4 Rf8 25.f4 Nc4 26.Bg7 Rg8 27.Bf6 Rf8 28.Kf2 Bc8
29.Bg7 Rg8 30.Rxf7 Nd6 31.Re7 Bf5 32.Bb3 Nc8 33.Rf7 Be6 34.Rf6 Rxg7 35.Rxe6+ Nd6
36.g4 Kc5 37.Bc2 Rf7 38.Kg3 a5 39.h4 b4 40.cxb4+ axb4 41.Re5 Kd4 42.h5 Rc7
43.Bb3 Ne4+ 44.Kg2 Rd7 45.hxg6 hxg6 46.Re6 Ke3 47.Rxg6 Kxf4 48.Rb6 Kxg4 49.Rxb4 Kf4
50.Rd4 Rg7+ 51.Kh2 Rh7+ 52.Kg2 Rg7+  1/2-1/2

[Event "Tan Chin Nam"]
[Site "Beijing"]
[Date "1998.06.14"]
[Round "7"]
[White "Ye Jiangchuan"]
[Black "Onischuk, Alexander"]
[Result "1/2-1/2"]
[WhiteElo "2530"]
[BlackElo "2610"]

1.e4 e5 2.Nf3 Nc6 3.Bc4 Nf6 4.d3 Bc5 5.c3 d6 6.Bb3 h6 7.Nbd2 a6 8.h3 O-O
9.O-O Ba7 10.Re1 Be6 11.Nf1 Bxb3 12.Qxb3 Rb8 13.Be3 Bxe3 14.Nxe3 Qd7 15.Rad1 Rfe8
16.Nh2 Qe6 17.Nd5 Ne7 18.Nxc7 Qxb3 19.axb3 Rec8 20.Nd5 Nexd5 21.exd5 Rc5
22.d4 Rxd5 23.dxe5 Rxd1 24.Rxd1 dxe5 25.Ng4 Nxg4 26.hxg4 Kf8 27.Rd7 Ke8 28.Rc7 Rd8
29.Rxb7 Rd2 30.c4 Rxb2 31.c5 a5 32.c6 Rc2 33.Rb5 f6 34.Rxa5 Rxc6 35.Ra7 Rb6
36.Rxg7 Rxb3 37.Rg6 Kf7 38.Rxh6 Kg7 39.Rh5 Kg6 40.Kh2 Ra3 41.g3 Ra4  1/2-1/2

[Event "Tan Chin Nam"]
[Site "Beijing"]
[Date "1998.06.15"]
[Round "8"]
[White "Ehlvest, Jaan"]
[Black "Onischuk, Alexander"]
[Result "1/2-1/2"]
[WhiteElo "2610"]
[BlackElo "2610"]

1.e4 e5 2.Nf3 Nc6 3.Bb5 a6 4.Ba4 Nf6 5.O-O Bc5 6.c3 b5 7.d4 bxa4 8.dxc5 Nxe4
9.Nxe5 Nxe5 10.Qd5 Bb7 11.Qxe5+ Qe7 12.Qxe7+ Kxe7 13.Re1 Kd8 14.Be3 Re8 15.Na3 Bd5
16.c4 Be6 17.Bd4 Nf6 18.Rad1 Kc8 19.h3 Ng8 20.Bc3 g6 21.f3 Ne7 22.Kf2 h5
23.g4  1/2-1/2

[Event "Tan Chin Nam"]
[Site "Beijing"]
[Date "1998.06.16"]
[Round "9"]
[White "Onischuk, Alexander"]
[Black "Tong Yuanming"]
[Result "1-0"]
[WhiteElo "2610"]
[BlackElo "2505"]

1.e4 e5 2.Nf3 Nc6 3.Bb5 a6 4.Ba4 Nf6 5.O-O Nxe4 6.d4 b5 7.Bb3 d5 8.dxe5 Be6
9.Nbd2 Nc5 10.c3 Be7 11.Bc2 d4 12.cxd4 Nxd4 13.Nxd4 Qxd4 14.Nf3 Qxd1 15.Rxd1 Bg4
16.h3 Bxf3 17.gxf3 g5 18.f4 gxf4 19.Bxf4 Rd8 20.Rxd8+ Kxd8 21.Rd1+ Kc8 22.Be3 Ne6
23.f4 Bc5 24.Kf2 Bxe3+ 25.Kxe3 Rg8 26.Kf3 h5 27.Bf5 Rd8 28.Rxd8+ Kxd8 29.Bxe6 fxe6
30.b4  1-0

[Event "Tan Chin Nam"]
[Site "Beijing"]
[Date "1998.06.17"]
[Round "10"]
[White "Magem Badals, Jorge"]
[Black "Onischuk, Alexander"]
[Result "1/2-1/2"]
[WhiteElo "2535"]
[BlackElo "2610"]

1.e4 e5 2.Nf3 Nc6 3.Bb5 a6 4.Bxc6 dxc6 5.O-O Ne7 6.Nxe5 Qd4 7.Qh5 g6 8.Nf3 Qxe4
9.Qa5 Bg4 10.d3 Qf5 11.Qxc7 Bxf3 12.gxf3 Qxf3 13.Qxb7 Qg4+  1/2-1/2

[Event "Elista ol (Men)"]
[Site "Elista"]
[Date "1998.09.30"]
[Round "2"]
[White "Onischuk, Alexander"]
[Black "Ye Jiangchuan"]
[Result "0-1"]
[WhiteElo "2630"]
[BlackElo "2510"]

1.e4 c5 2.Nf3 Nc6 3.d4 cxd4 4.Nxd4 Nf6 5.Nc3 e5 6.Ndb5 d6 7.Bg5 a6 8.Na3 b5
9.Nd5 Be7 10.Bxf6 Bxf6 11.c3 O-O 12.Nc2 Bg5 13.a4 bxa4 14.Rxa4 a5 15.Bc4 Rb8
16.b3 Kh8 17.O-O f5 18.exf5 Bxf5 19.Nce3 Bg6 20.Be2 Bf7 21.Re4 Ne7 22.Bf3 Be6
23.Bg4 Bg8 24.c4 Nc6 25.Nf5 g6 26.Ng3 Nd4 27.Rxd4 exd4 28.Ne4 Bh6 29.Qxd4+ Bg7
30.Qd3 Rb7 31.Re1 Re8 32.g3 Bxd5 33.Qxd5 Rbe7 34.Bf3 Re5 35.Qd3 d5 36.Rd1 Qe7
37.Nd2 Re1+ 38.Kg2 Rxd1 39.Bxd1 dxc4 40.Nxc4 Rd8 41.Qc2 Qb4 42.Bf3 Qc3 43.Qe2 Rf8
44.Qe3 Bd4 45.Qxc3 Bxc3 46.Be4 Rb8 47.Bc2 Rd8 48.Kf3 Re8 49.Be4 Be1 50.Bd5 Rf8+
51.Ke2 Bxf2 52.Nxa5 Bg1 53.Nc6 Bxh2 54.g4 Kg7 55.b4 Bg1 56.b5 Kf6 57.Bf3 Bc5
58.Kd3 Ke6 59.Bd1 Kd6 60.Be2 Bb6 61.Kc4 Re8 62.Bf3 Re3 63.Bd1 Re1 64.Bf3 Rc1+
65.Kd3 Rc5  0-1

[Event "Elista ol (Men)"]
[Site "Elista"]
[Date "1998.10.03"]
[Round "5"]
[White "Lautier, Joel"]
[Black "Onischuk, Alexander"]
[Result "0-1"]
[WhiteElo "2625"]
[BlackElo "2630"]

1.e4 e5 2.Nf3 Nc6 3.d4 exd4 4.Nxd4 Bc5 5.Nxc6 Qf6 6.Qd2 dxc6 7.Nc3 Ne7 8.Qf4 Qxf4
9.Bxf4 Bd6 10.Bxd6 cxd6 11.O-O-O Kd7 12.Bc4 f6 13.Ne2 Kc7 14.Nf4 Ng6 15.Nh5 Bg4
16.Nxg7 Bxd1 17.Rxd1 b5 18.Bb3 Ne5 19.Be6 h5 20.Bf5 Rag8 21.Ne6+ Kb6 22.g3 h4
23.b3 hxg3 24.hxg3 Rh2 25.f4 Nf7 26.g4 Rf2 27.Kb1 Rh8 28.Bg6 Nd8 29.Rxd6 Nxe6
30.Rxe6 Rh1+ 31.Kb2 b4 32.e5 Rff1  0-1

[Event "Elista ol (Men)"]
[Site "Elista"]
[Date "1998.10.06"]
[Round "8"]
[White "Onischuk, Alexander"]
[Black "Sadler, Matthew"]
[Result "1/2-1/2"]
[WhiteElo "2630"]
[BlackElo "2660"]

1.c4 e5 2.Nc3 Nc6 3.Nf3 Nf6 4.g3 Bc5 5.Bg2 d6 6.d3 O-O 7.O-O a6 8.Bg5 h6
9.Bh4 Nd4 10.Bxf6 Qxf6 11.Ne4 Qe7 12.Nxc5 dxc5 13.e3 Nxf3+ 14.Qxf3 Rd8 15.Rad1 a5
16.Qh5 Ra6 17.Be4 Qg5 18.Qe2 Rad6 19.f4 Bg4 20.Qf2 exf4 21.exf4 Qf6 22.Rd2 Bf5
23.Rfd1 Rd4 24.Bxf5 Qxf5 25.Qf3 c6 26.a4 h5 27.h4 g6 28.Kg2 Kg7 29.Qe3 R8d6
30.Qe7 Rf6 31.Qe5 Qxe5 32.fxe5 Rf5 33.Re2 g5 34.hxg5 Rxg5 35.Kh3 Rf5 36.e6 fxe6  1/2-1/2

[Event "Elista ol (Men)"]
[Site "Elista"]
[Date "1998.10.07"]
[Round "9"]
[White "Onischuk, Alexander"]
[Black "Blatny, Pavel"]
[Result "1-0"]
[WhiteElo "2630"]
[BlackElo "2520"]

1.e4 e5 2.Nf3 Nc6 3.Bc4 Nf6 4.d3 Be7 5.O-O O-O 6.Bb3 d6 7.c3 h6 8.Nbd2 Nh7
9.Nc4 Ng5 10.Nxg5 Bxg5 11.f4 exf4 12.Bxf4 Be6 13.Ne3 Bxf4 14.Rxf4 Qg5 15.Rf3 h5
16.d4 Ne7 17.Qd3 c6 18.Bc2 Bg4 19.Nxg4 hxg4 20.Rf2 g6 21.Qg3 f5 22.Qxd6 fxe4
23.Qe6+ Kg7 24.Rxf8 Rxf8 25.Qxe4 Nd5 26.Re1 Rf6 27.g3 b5 28.Qe5 Qd2 29.Qe2 Qg5
30.Bb3 Rf3 31.Bxd5 Qxd5 32.Qe7+ Rf7 33.Qe5+ Qxe5 34.Rxe5 Rf3 35.Re7+ Kh6
36.Rxa7 Rd3 37.Rc7 Rd2 38.b4 Kg5 39.Rxc6 Kf5 40.Rb6 Ke4 41.Rxg6 Kf3 42.Rf6+ Ke3
43.Rf4 Rd1+ 44.Rf1 Rd2 45.a3 Rc2 46.d5 Rd2 47.d6 Rxd6 48.h3 gxh3 49.Kh2 Rd5
50.Kxh3 Kd2 51.Rf3 Rh5+ 52.Kg4 Rh8 53.Rf5 Rb8 54.Rc5 Kd3 55.Kf5 Rf8+ 56.Ke5  1-0

[Event "Elista ol (Men)"]
[Site "Elista"]
[Date "1998.10.10"]
[Round "11"]
[White "Onischuk, Alexander"]
[Black "Sokolov, Ivan"]
[Result "1-0"]
[WhiteElo "2630"]
[BlackElo "2620"]

1.e4 e5 2.Nf3 Nc6 3.Bc4 Nf6 4.d3 Bc5 5.c3 d6 6.Qe2 Bb6 7.Bg5 h6 8.Bh4 g5
9.Bg3 Qe7 10.Nbd2 Bd7 11.Bb3 Nh5 12.Nc4 Nf4 13.Bxf4 gxf4 14.g3 Qf6 15.Nfd2 Bc5
16.Ba4 a6 17.Bxc6 bxc6 18.O-O-O Ba7 19.Qf3 h5 20.h3 Ke7 21.gxf4 Qxf4 22.Qxf4 exf4
23.d4 Be6 24.b3 Rag8 25.Nb2 f5 26.Nd3 fxe4 27.Nxf4 Bf5 28.Rde1 Kf6 29.f3 exf3
30.Nxf3 h4 31.Rhf1 Bb6 32.Rf2 Rh6 33.Ng2 Kg7 34.Ng5 Bg6 35.Re7+ Kh8 36.Nf4 Be8
37.Nfe6 c5 38.Rf6 Rh5 39.Nf4 Rgxg5 40.Rxe8+ Kg7 41.Nxh5+ Rxh5 42.Rf4 cxd4
43.cxd4  1-0

[Event "Donetzk zt"]
[Site "Donetsk"]
[Date "1998.11.02"]
[Round "1"]
[White "Neverov, Valeriy"]
[Black "Onischuk, Alexander"]
[Result "1/2-1/2"]
[WhiteElo "2515"]
[BlackElo "2630"]

1.d4 Nf6 2.c4 e6 3.Nf3 b6 4.a3 Ba6 5.Qc2 c5 6.d5 exd5 7.cxd5 g6 8.Nc3 Bg7
9.g3 O-O 10.Bh3 b5 11.O-O b4 12.axb4 cxb4 13.Nd1 Nxd5 14.Bg5 Qc7 15.Qd2 Bb7
16.Rc1 Qa5 17.Ne3 Nxe3 18.Bxe3 Bxf3 19.exf3 Nc6 20.f4 Rfd8 21.Rfd1 Rac8 22.Bg2 b3
23.Qd3 Bxb2 24.Rc5 Qa3 25.Bd5 Ne7 26.Rxc8 Rxc8 27.Qxb3 Qxb3 28.Bxb3 Rc7 29.Ba4 d5
30.Bb3 a5 31.Kg2 Rb7 32.Bc2 Ba3 33.Bd4 Nc6 34.Bf6 Be7 35.Ba1 Nb4 36.Bb3 Rd7
37.Bc3 Rb7 38.Bxb4 Rxb4 39.Bxd5 a4 40.Rd2 a3 41.Ba2 Kf8 42.Rc2 Bd6 43.Kf3 f5
44.Ke2 Re4+ 45.Kd3 Re8 46.Re2 Rxe2 47.Kxe2 Bc5 48.Ke1 Ke7 49.Ke2 Kd6 50.Bg8 Bd4
51.Ke1 h5 52.h4 Kc5 53.Bf7 Kb4 54.Kd2 Bxf2 55.Kc2 Bxg3 56.Bxg6 Bxh4 57.Bxh5 Bf6
58.Kb1 a2+  1/2-1/2

[Event "Donetzk zt"]
[Site "Donetsk"]
[Date "1998.11.03"]
[Round "2"]
[White "Onischuk, Alexander"]
[Black "Berelovich, Aleksandar"]
[Result "1-0"]
[WhiteElo "2630"]
[BlackElo "2495"]

1.c4 e5 2.Nc3 Nf6 3.Nf3 Nc6 4.e4 Bb4 5.d3 d6 6.g3 O-O 7.Bg2 Bg4 8.h3 Bxf3
9.Bxf3 Bc5 10.O-O h6 11.Bg2 a6 12.a3 Nd4 13.b4 Ba7 14.Kh2 c6 15.Bb2 Re8 16.Ne2 a5
17.f4 Nd7 18.h4 Nxe2 19.Qxe2 Nf8 20.Bh3 Qe7 21.Qg4 Bd4 22.Bxd4 exd4 23.Qf3 axb4
24.axb4 Rxa1 25.Rxa1 d5 26.cxd5 cxd5 27.e5 Qxb4 28.Bg2 Nd7 29.Qxd5 Nc5 30.Rc1 Nxd3
31.Rc7 Rf8 32.e6 Nf2 33.exf7+ Kh8 34.Qf3  1-0

[Event "Donetzk zt"]
[Site "Donetsk"]
[Date "1998.11.04"]
[Round "3"]
[White "Tukmakov, Vladimir B"]
[Black "Onischuk, Alexander"]
[Result "1-0"]
[WhiteElo "2605"]
[BlackElo "2630"]

1.Nf3 Nf6 2.c4 b6 3.g3 Bb7 4.d4 e6 5.Bg2 Bb4+ 6.Bd2 Qe7 7.O-O Bxd2 8.Qxd2 d6
9.Nc3 Ne4 10.Nxe4 Bxe4 11.Qe3 Bb7 12.d5 e5 13.b4 Nd7 14.Nd2 a5 15.a3 O-O
16.Nb3 a4 17.Nd4 Qd8 18.Nb5 Ba6 19.Qc3 f5 20.Qc2 Bxb5 21.cxb5 Rf7 22.Bh3 e4
23.f3 Nf8 24.fxe4 Qe8 25.Rxf5 Rxf5 26.Bxf5 Qxb5 27.Rf1 Ra7 28.e5 Qxd5 29.Be4 Qd4+
30.e3 Qxe3+ 31.Kg2 Nd7 32.Bd5+ Kh8 33.Qf5  1-0

[Event "Donetzk zt"]
[Site "Donetsk"]
[Date "1998.11.06"]
[Round "5"]
[White "Onischuk, Alexander"]
[Black "Sulipa, Aleksandar"]
[Result "1/2-1/2"]
[WhiteElo "2630"]
[BlackElo "2415"]

1.e4 c5 2.Nf3 d6 3.d4 cxd4 4.Nxd4 Nf6 5.Nc3 Nc6 6.Bc4 Qb6 7.Ndb5 a6 8.Be3 Qd8
9.Nd4 Ng4 10.Nxc6 bxc6 11.Qf3 Ne5 12.Qe2 e6 13.Bb3 Be7 14.f4 Nd7 15.g4 Bh4+
16.Bf2 Bxf2+ 17.Qxf2 O-O 18.O-O-O d5 19.g5 a5 20.Rhf1 Qb6 21.Qf3 Nc5 22.Na4 Nxa4
23.Bxa4 Rb8 24.Qc3 Ba6 25.Rfe1 Rfd8 26.exd5 cxd5 27.Qd4 Qd6 28.c3 Bc4 29.f5 exf5
30.Re5 Bxa2 31.Rde1 Bc4 32.h4 f4 33.h5 f3 34.h6 gxh6 35.gxh6 Qxh6+ 36.Kb1 f6
37.Re7 f2 38.Qxf2 Bd3+ 39.Ka1 Be4 40.Bd7 a4 41.Bf5 Bxf5 42.Qxf5 Kh8 43.Rxh7+ Qxh7
44.Qxf6+ Qg7 45.Rh1+ Kg8 46.Qe6+ Qf7 47.Rh8+ Kxh8 48.Qxf7 Rd6 49.Qh5+ Kg8
50.Qg4+ Kf7 51.Qxa4 Rc8 52.Qd4 Ke7 53.Kb1 Rc4 54.Qg7+ Kd8 55.Kc2 Rd7 56.Qf8+ Kc7
57.Qa8 Kd6 58.Qf8+ Ke5 59.Qe8+ Kd6 60.Qg6+ Ke5 61.Qg3+ Ke6 62.Qe3+ Kd6 63.Qb6+ Ke5
64.b3 Rc8 65.Qe3+ Kd6 66.Qg3+ Ke6 67.Qg6+ Ke5 68.Qg5+ Ke6 69.Kd3 Rdc7 70.Kd4 Rxc3
71.Qxd5+ Ke7 72.Qe5+ Kd7 73.b4 R3c6 74.Qf5+ Kc7 75.Qa5+ Kb7  1/2-1/2

[Event "Pyramiden Franken Cup"]
[Site "Fuerth"]
[Date "1998.??.??"]
[Round "1"]
[White "Onischuk, Alexander"]
[Black "Klimpel, Thomas"]
[Result "1-0"]
[WhiteElo "2630"]
[BlackElo "2155"]

1.e4 e5 2.Nf3 Nc6 3.Bb5 a6 4.Ba4 Nf6 5.O-O Be7 6.Re1 b5 7.Bb3 O-O 8.a4 Bb7
9.d3 d6 10.c3 Na5 11.Ba2 c5 12.Bg5 h6 13.Bxf6 Bxf6 14.Nbd2 Nc6 15.Bd5 Qd7
16.Qb3 Ne7 17.Bxb7 Qxb7 18.Nc4 Qd7 19.Nb6 bxa4 20.Qc2  1-0

[Event "Pyramiden Franken Cup"]
[Site "Fuerth"]
[Date "1998.??.??"]
[Round "3"]
[White "Onischuk, Alexander"]
[Black "Vatter, Hans Joachim"]
[Result "1-0"]
[WhiteElo "2630"]
[BlackElo "2385"]

1.e4 c5 2.Nf3 e6 3.d3 Nc6 4.g3 d5 5.Qe2 Nf6 6.Bg2 Be7 7.O-O a5 8.e5 Nd7 9.c4 d4
10.Na3 h6 11.Nb5 a4 12.h4 Na7 13.Nd6+ Bxd6 14.exd6 Nc6 15.Bf4 Nf6 16.Ne5 Bd7
17.Rae1 O-O 18.g4 Nxe5 19.Bxe5 Bc6 20.g5 hxg5 21.hxg5 Nd7 22.f4 Nxe5 23.Qxe5 Bxg2
24.Kxg2 Qb6 25.Rf3 Ra6 26.Rh1 Qxb2+ 27.Rf2 Qb6 28.Kg3  1-0

[Event "Pyramiden Franken Cup"]
[Site "Fuerth"]
[Date "1998.??.??"]
[Round "4"]
[White "Kogan, Artur"]
[Black "Onischuk, Alexander"]
[Result "0-1"]
[WhiteElo "2485"]
[BlackElo "2630"]

1.e4 e5 2.Nf3 Nc6 3.Bc4 Nf6 4.d3 Bc5 5.Nc3 h6 6.Be3 Bxe3 7.fxe3 d6 8.a3 Be6
9.Bxe6 fxe6 10.d4 O-O 11.Qd3 exd4 12.exd4 e5 13.dxe5 Nxe5 14.Nxe5 dxe5 15.Qc4+ Kh7
16.Rd1 Nd7 17.h4 Qf6 18.Qe2 Nc5 19.Qe3 Ne6 20.Rd2 c6 21.Ne2 Qg6 22.Ng3 Rf4
23.Kd1 Raf8 24.Kc1 Nd4 25.Kb1 Rg4 26.h5 Qg5 27.Qxg5 Rxg5 28.Rh3 Rf4 29.c3 Nb3
30.Rd8 Nc5 31.Nf5 Rxg2 32.Nh4 Rf1+ 33.Ka2 Rgg1  0-1

[Event "Pyramiden Franken Cup"]
[Site "Fuerth"]
[Date "1998.??.??"]
[Round "5"]
[White "Onischuk, Alexander"]
[Black "David, Alberto"]
[Result "1/2-1/2"]
[WhiteElo "2630"]
[BlackElo "2520"]

1.e4 c5 2.Nf3 d6 3.d4 cxd4 4.Nxd4 Nf6 5.Nc3 a6 6.Be2 e6 7.O-O Be7 8.a4 O-O
9.f4 Nc6 10.Kh1 Qc7 11.Be3 Re8 12.Bf3 Rb8 13.g4 Nxd4 14.Bxd4 e5 15.fxe5 dxe5
16.Ba7 Ra8 17.g5 Rd8 18.Qe2 Ne8 19.Be3 Be6 20.Bg4 Qc4 21.Bxe6 Qxe6 22.Nd5 Rac8
23.Qg2 Nc7 24.Nb6 Rb8 25.b3 Bb4 26.Rf6 Qe7 27.Raf1 Rf8 28.Qg3 Rbd8 29.Nc4 Bc5
30.Bxc5 Qxc5 31.R6f5 b5 32.axb5 axb5 33.Nxe5 Qxc2 34.Qf3 Ne6 35.Rxf7 Qc5
36.Qf5 Nd4 37.Qf4 Ne6 38.Qf5 Nd4 39.Rxf8+ Rxf8 40.Qxf8+ Qxf8 41.Rxf8+ Kxf8
42.b4 Ke7 43.Kg2 Kd6 44.Nd3 Nc2 45.Kf3 Nd4+ 46.Ke3 Nc2+ 47.Kf4 Nd4 48.h4 Ke6
49.Kg4 Nc2 50.h5 Kd6 51.Kf4 Ke6 52.Kf3 Kd6 53.Kf2 Ke6 54.Ke2 Nd4+ 55.Ke3 Nc2+
56.Kd2 Nd4 57.Ne1 Kd6 58.Ke3 Nc6 59.Nd3 Ke6 60.Nf4+ Kd6 61.Nd3 Ke6 62.h6 gxh6
63.gxh6 Kf6 64.Kf4 Ne7 65.Ne5 Ke6 66.Nf3 Nc6 67.e5 Kf7 68.Kf5 Nxb4 69.Ng5+ Kg8
70.Ke6 Nc6 71.Kd6 Nd4 72.e6 b4 73.Kd5 Nxe6 74.Kxe6 b3 75.Ne4 b2 76.Nc3 Kf8
77.Kf6 Kg8 78.Ke7 Kh8 79.Kf8 b1=Q 80.Nxb1  1/2-1/2

[Event "Pyramiden Franken Cup"]
[Site "Fuerth"]
[Date "1998.??.??"]
[Round "6"]
[White "Onischuk, Alexander"]
[Black "Hickl, Joerg"]
[Result "1/2-1/2"]
[WhiteElo "2630"]
[BlackElo "2540"]

1.d4 d6 2.Nf3 Bg4 3.Nbd2 Nd7 4.h3 Bh5 5.g4 Bg6 6.Nh4 e5 7.Nxg6 hxg6 8.Bg2 c6
9.e3 d5 10.c4 exd4 11.exd4 Qe7+ 12.Kf1 Nb6 13.c5 Nd7 14.b4 a6 15.a4 Qd8 16.Qe2+ Qe7
17.Qd3 Ngf6 18.g5 Nh5 19.Nf3 Qd8 20.Ra2 Be7 21.h4 O-O 22.Re2 Re8 23.Bh3 Qc7
24.Kg2 Bf8 25.Rhe1 Rxe2 26.Qxe2 Rd8 27.Ne5 Nxe5 28.Qxe5 Qxe5 29.Rxe5 f5 30.Kf3 Kf7
31.Bf1 Ra8 32.Re3 Be7 33.Rb3 Bd8 34.Be2 Bc7 35.Bd2 Ke7 36.Rb1 Kd7 37.Bd3 Bb8
38.Ra1 Bc7 39.Ra2 Bb8 40.Ra3 Bc7 41.Ra2 Bb8 42.Bb1 Bc7 43.Be3 Ke6 44.Bc1 Bb8
45.Ke2 Bc7 46.Be3 Kd7 47.b5 axb5 48.axb5 Rxa2+ 49.Bxa2 Ke6 50.b6 Bh2 51.Bb1 Bb8
52.Bc2 Kf7 53.Kf3 Ke7 54.Bd3 Kd8 55.Be2 Ke7 56.Kg2 Nf4+ 57.Bxf4 Bxf4 58.Kf3 Bh2
59.Ke3 Ke8 60.h5 gxh5 61.Bxh5+ Ke7 62.Bg6 Ke6 63.Be8 Ke7 64.Bh5 Kd7 65.Bg6 Ke6
66.Bh7 Bg1 67.Bg8+ Kd7 68.Ke2 Bh2 69.Kf3 Ke7 70.Bh7 Ke6 71.Bg6 Bb8 72.Bh5 Ke7
73.Ke3 Bh2 74.Be2  1/2-1/2

[Event "Pyramiden Franken Cup"]
[Site "Fuerth"]
[Date "1998.??.??"]
[Round "7"]
[White "Gabriel, Christian"]
[Black "Onischuk, Alexander"]
[Result "1/2-1/2"]
[WhiteElo "2555"]
[BlackElo "2630"]

1.Nf3 d5 2.d4 Nf6 3.c4 e6 4.Nc3 Be7 5.Bg5 O-O 6.e3 Nbd7 7.Qc2 c5 8.O-O-O Qa5
9.cxd5 exd5 10.dxc5 Bxc5 11.Nd4 Bxd4 12.Rxd4 h6 13.Bh4 a6 14.Kb1 b5 15.Qd2 Bb7
16.Nxd5 Qxd2 17.Nxf6+ Nxf6 18.Rxd2 g5 19.Bg3 Be4+ 20.Kc1 Rfc8+ 21.Kd1 Bb1
22.Bd3 Bxa2 23.Be5 Nd7 24.Bd4 Nc5 25.Bc2 Nb3 26.Bxb3  1/2-1/2

[Event "Pyramiden Franken Cup"]
[Site "Fuerth"]
[Date "1998.??.??"]
[Round "8"]
[White "Wilhelmi, Christian"]
[Black "Onischuk, Alexander"]
[Result "0-1"]
[WhiteElo "2470"]
[BlackElo "2630"]

1.d4 Nf6 2.c4 e6 3.Nf3 d5 4.Nc3 Be7 5.Bg5 O-O 6.Qc2 Nbd7 7.Rd1 h6 8.Bf4 a6
9.e4 dxe4 10.Nxe4 Nxe4 11.Qxe4 Nf6 12.Qc2 b5 13.Be2 Bb7 14.O-O Be4 15.Qc1 bxc4
16.Qxc4 Bd6 17.Bg3 Qb8 18.Qc1 Qb7 19.Ne1 Rfb8 20.b3 Bxg3 21.hxg3 a5 22.Bf3 a4
23.Bxe4 Nxe4 24.Nd3 axb3 25.axb3 Qb6 26.Ne5 Rd8 27.Qe3 Nf6 28.Rd3 Nd5 29.Qf3 f6
30.Nc4 Qb4 31.Qe4 Ra6 32.Rc1 Qe7 33.Re1 Qd7 34.Qf3 Ne7 35.Qb7 Qc6 36.Qb4 Nd5
37.Qd2 Rda8 38.Qe2 Ra1 39.Red1 R8a2 40.Qg4 Qa6 41.Rxa1 Rxa1+ 42.Rd1 Kf8 43.Kh2 Rxd1
44.Qxd1 Qa2 45.Nd2 Qb2 46.Ne4 f5 47.Nc5 Qxf2 48.Nxe6+ Kf7 49.Nd8+ Ke8 50.Ne6 Kf7
51.Nd8+ Kg6 52.Nc6 Ne3 53.Ne5+ Kf6 54.Qf3 Qxf3 55.gxf3 Ke6 56.Ng6 Nc2 57.Nf4+ Kd6
58.Ne2 g5 59.Kg2 c6  0-1

[Event "BL2-O9798"]
[Site "Germany"]
[Date "1998.??.??"]
[Round "5.1"]
[White "Alber, Horst"]
[Black "Onischuk, Alexander"]
[Result "0-1"]
[WhiteElo "2315"]
[BlackElo "2625"]

1.d4 Nf6 2.c4 e6 3.Nf3 b6 4.g3 Ba6 5.Qa4 Bb7 6.Bg2 c5 7.O-O cxd4 8.Nxd4 Bxg2
9.Kxg2 Be7 10.Nc3 Qc8 11.Bg5 O-O 12.Rfd1 h6 13.Bf4 Qb7+ 14.Kg1 a6 15.Nf3 Rc8
16.Bd6 Nc6 17.Bxe7 Nxe7 18.Ne5 Nc6 19.Nxc6 Qxc6 20.Qxc6 Rxc6 21.e4 Rxc4 22.e5 Ng4
23.Re1 f6 24.f4 fxe5 25.h3 Nf6 26.fxe5 Ne8 27.Rad1 Rd8 28.Re2 Rc6 29.Ne4 Nc7
30.Nc3 d5 31.exd6 Rcxd6 32.Rxd6 Rxd6 33.Kf2 Kf7 34.Rc2 Rc6 35.Rd2 Ke7 36.Ke3 b5
37.a3 Na8 38.Ne4 Nb6 39.b3 Nd7 40.Kf4 e5+ 41.Kf3 Nf6 42.Rd3 Rc1 43.Nxf6 gxf6
44.Kg4 Ke6 45.Rf3 Rc5 46.b4 f5+ 47.Kh5 e4 48.Rb3 Rd5 49.Rb1 Rd3 50.Rg1 Kf6
51.h4 Rd8 52.Rb1 Re8 53.Rc1 e3 54.Re1 e2  0-1

[Event "BL2-O9798"]
[Site "Germany"]
[Date "1998.??.??"]
[Round "7.1"]
[White "Espig, Lutz"]
[Black "Onischuk, Alexander"]
[Result "1/2-1/2"]
[WhiteElo "2410"]
[BlackElo "2625"]

1.d4 f5 2.g3 Nf6 3.Bg2 g6 4.c4 Bg7 5.Nc3 O-O 6.Nh3 d6 7.d5 Nbd7 8.O-O Ne5
9.Qb3 Nfd7 10.Nb5 Nb6 11.Na3 Kh8 12.Bd2 Bd7 13.Qc2 c6 14.dxc6 Bxc6 15.Bxc6 Nxc6
16.Nf4 Qd7 17.Bc3 e5 18.Nd5 Nxd5 19.cxd5 Ne7 20.e4 Rac8 21.f3 h5 22.Qd3 g5
23.Qb5 Qc7 24.Rac1 Ng6 25.Qe2 f4 26.gxf4 gxf4 27.Kh1 b5 28.Bd2 Qd7 29.Rxc8 Rxc8
30.Rc1 Bf6 31.Rxc8+ Qxc8 32.Bc3  1/2-1/2

[Event "Bundesliga 9899"]
[Site "Germany"]
[Date "1999.01.31"]
[Round "9.1"]
[White "Jussupow, Artur"]
[Black "Onischuk, Alexander"]
[Result "1/2-1/2"]
[WhiteElo "2641"]
[BlackElo "2646"]

1.d4 Nf6 2.c4 e6 3.Nc3 Bb4 4.e3 b6 5.Ne2 Bb7 6.a3 Be7 7.d5 exd5 8.cxd5 O-O
9.g3 Re8 10.Bg2 c6 11.O-O Bf8 12.b4 a5 13.b5 cxb5 14.Nxb5 Na6 15.Bb2 Rc8
16.Rb1 Ne4 17.Bd4 Nac5 18.Nec3 Nxc3 19.Nxc3 Ba6 20.Re1 Bd3 21.Rb2 Bc4 22.Bf1 b5
23.Nxb5 Bxd5 24.Na7 Rc7 25.Nb5 Rc8 26.Na7 Rc7  1/2-1/2

[Event "Bundesliga 9899"]
[Site "Germany"]
[Date "1999.02.20"]
[Round "10.1"]
[White "Onischuk, Alexander"]
[Black "Krasenkow, Michal"]
[Result "1-0"]
[WhiteElo "2646"]
[BlackElo "2643"]

1.e4 c5 2.Nf3 e6 3.d4 cxd4 4.Nxd4 Nf6 5.Nc3 Nc6 6.Ndb5 d6 7.Bf4 e5 8.Bg5 a6
9.Na3 b5 10.Nd5 Be7 11.Bxf6 Bxf6 12.c3 Ne7 13.Nxf6+ gxf6 14.Qd2 Bb7 15.Bd3 d5
16.exd5 Qxd5 17.O-O-O O-O-O 18.Qh6 Qe6 19.f3 Nd5 20.g4 Kb8 21.Bf5 Qb6 22.Nc2 Nf4
23.Be4 Bxe4 24.fxe4 Qe6 25.Nb4 a5 26.Nd5 Nxd5 27.exd5 Rxd5 28.Rxd5 Qxd5 29.Rd1 Qe6
30.Rf1 b4 31.Qxf6 Qxf6 32.Rxf6 bxc3 33.Rxf7 cxb2+ 34.Kxb2 Rg8 35.h3 h6 36.Kc2 Rg6
37.Rf5 Re6 38.Kd3 Kc7 39.Ke4 Kd6 40.Rf8 a4 41.Ra8 Rf6 42.Ra6+ Ke7 43.Ra5 Rf2
44.Rxe5+ Kd6 45.Rh5 Rxa2 46.Rxh6+ Kc5 47.h4 Rd2 48.h5 Rd4+ 49.Kf5 Rd5+ 50.Kf4 Rd4+
51.Kg5 Kb5 52.Rh8 Rd5+ 53.Kh4 Rd6 54.h6 a3 55.h7 Rh6+ 56.Kg5 a2 57.Ra8  1-0

[Event "Bundesliga 9899"]
[Site "Germany"]
[Date "1999.02.21"]
[Round "11.1"]
[White "Rozentalis, Eduardas"]
[Black "Onischuk, Alexander"]
[Result "1/2-1/2"]
[WhiteElo "2577"]
[BlackElo "2646"]

1.e4 e5 2.Nf3 Nc6 3.Bb5 a6 4.Bxc6 dxc6 5.O-O f6 6.d4 exd4 7.Nxd4 c5 8.Ne2 Qxd1
9.Rxd1 Bd7 10.Be3 O-O-O 11.Nbc3 Bd6 12.Bf4 Bxf4 13.Nxf4 Ne7 14.Rd2 Bg4 15.Rxd8+ Rxd8
16.f3 Bd7 17.Rd1 Nc6 18.Kf2 f5 19.h4 Rf8 20.Nfd5 b6 21.Ne3 fxe4 22.Nxe4 Be6
23.a3 a5 24.Rd2 h6 25.g3 Ne5 26.f4 Ng4+ 27.Nxg4 Bxg4 28.Rd5 Rd8 29.Rxd8+ Kxd8
30.Ke3 Ke7 31.Nf2 Bf5 32.c3 h5 33.Kf3 Kf6 34.g4 Bg6 35.Nd1 hxg4+ 36.Kxg4 Bf5+
37.Kf3 g6 38.Ne3 Be6 39.Ke4 c6 40.f5 gxf5+ 41.Kf4 b5 42.h5 Bf7 43.h6 Bg6
44.Ng2 Bh7 45.Nh4 b4 46.Nf3 Kg6 47.Ne5+ Kxh6 48.Nxc6 Kg6 49.Nxa5 bxa3 50.bxa3 Kf6
51.Nc4 Ke6 52.a4 Kd5 53.Ne5 Kd6  1/2-1/2

[Event "ROM-chT"]
[Site "Sovata"]
[Date "1999.04.16"]
[Round "1"]
[White "Pavlov, Mircea"]
[Black "Onischuk, Alexander"]
[Result "0-1"]
[WhiteElo "2372"]
[BlackElo "2646"]

1.e4 e5 2.Nf3 Nc6 3.Bc4 Nf6 4.d3 Bc5 5.Nc3 h6 6.Be3 Bxe3 7.fxe3 d6 8.O-O Na5
9.Bb3 Nxb3 10.axb3 O-O 11.Qe1 c6 12.Rd1 Qe7 13.Qg3 Bd7 14.Rd2 Rae8 15.Nh4 Nh5
16.Qe1 g6 17.h3 Kh7 18.g4 Ng7 19.Qg3 a5 20.Rdf2 f6 21.Kh2 b5 22.Ra1 Ra8 23.Rg1 b4
24.Na4 Rab8 25.Rgf1 c5 26.Rg1 Bc6 27.Rfg2 Rg8 28.Nf3 c4 29.Nd2 cxb3 30.cxb3 Bb5
31.Nc4 Bxc4 32.dxc4 Ne6 33.Rd2 Ng5 34.Qg2 f5 35.exf5 e4 36.fxg6+ Rxg6 37.Rf1 Nf3+
38.Rxf3 exf3 39.Qxf3 Rf8 40.Qg3 Qe4  0-1